Music Artists by Country - Statistics

General Stats
  • This quiz has been taken 1,184 times
  • The average score is 16 of 20
Answer Stats
Artists Country % Correct
Taylor Swift, Stevie Wonder, Elvis Presley United States
99%
PSY, Jungkook, BTS South Korea
97%
The Beatles, David Bowie, Elton John England
96%
Drake, Justin Bieber, Alanis Morissette Canada
95%
ABBA, Avicii, The Cardigans Sweden
94%
Peter Tosh, Bob Marley, Shaggy Jamaica
91%
Enya, U2, Sinéad O'Connor Ireland
90%
Juan Gabriel, Alejandro Fernández, Selena Mexico
83%
Enrique Iglesias, Rosalía, David Bisbal Spain
83%
Hikaru Utada, B'z, Yorushika Japan
82%
Faye Wong, Cui Jian, Teresa Teng China
80%
Nena, Zedd, Herbert Grönemeyer Germany
77%
AC/DC, Vance Joy, Nick Cave Australia
76%
Serge Gainsbourg, Edith Piaf, David Guetta France
76%
Alla Pugacheva, Sergey Lazarev, Viktor Tsoi Russia
74%
Annie Lennox, David Byrne, Lewis Capaldi Scotland
72%
Ravi Shankar, Zakir Hussain, Prateek Kuhad India
70%
Tom Jones, John Cale, Dave Edmunds Wales
60%
Elis Regina, Anitta, Raul Seixas Brazil
40%
Lucky Dube, Miriam Makeba, Johnny Clegg South Africa
32%
No matching quizzes found
Score Distribution
Percent of People with Each Score
Percentile by Number Answered
Your Score History
You have not taken this quiz